A könyvet vissza az olvasóhoz Szlovákiai Magyar Könyvklub indul : beszélgetés Hodossy Gyulával, az SZMÍT ügyvezető elnökével

Bibliographic Details
Main Authors: Kövesdi, Károly, 1953- (ain), Hodossy, Gyula, 1960- (Author, uin)
Format: Article
Language:Hungarian
Slovak
PhysicalDescription:Fotogr.
Subjects:

MARC

LEADER 00000nab a2200000 a 4500
001 vtls000672691
003 SK-MaSNL
005 20260318114910.0
008 160314c1998 xo 0 hun
015 |a SNBRA1998/09-21707 
035 |a CLN000024867 
040 |a SNKBUCL  |b slo  |c SNKBUCL  |e AACR2 
041 0 |a slo 
044 |a xo  |c SK 
080 |a 82:061.2(437.6=945.11)  |2 UDC-MRF-SK2 
080 |a 894.511 (437.6):061.2  |2 UDC-MRF-SK2 
100 1 |a Kövesdi, Károly,  |d 1953-  |4 ain  |9 264403 
245 1 0 |a A könyvet vissza az olvasóhoz  |b Szlovákiai Magyar Könyvklub indul : beszélgetés Hodossy Gyulával, az SZMÍT ügyvezető elnökével  |c [beszélgetett] Kövesdi Károly 
300 |b Fotogr. 
610 7 |a Spoločnosť maďarských spisovateľov na Slovensku  |2 snkbucl  |9 189587 
700 1 |a Hodossy, Gyula,  |d 1960-  |4 aut  |4 uin  |9 92871 
773 0 |t Új szó  |g Roč. 51, č. 204 (4.9.1998), s. 9 
850 |a Slovenská národná knižnica v Martine 
852 |a SNK  |b KIS3GCP 
958 |a HU 
958 |a SK 
958 |a LX 
958 |a RBX 
999 |c 3293529  |d 3295459